[Event "Guernsey Holiday op 33rd"]
[Site "Guernsey"]
[Date "2007.10.25"]
[Round "5"]
[White "Nalichowski, Bogdan"]
[Black "Carlucci, Frank"]
[Result "1-0"]
[WhiteElo "1458"]
[BlackElo "1552"]
[PlyCount "107"]
[EventDate "2007.10.21"]
[EventType "swiss"]
[EventRounds "7"]
[EventCountry "GCI"]
[SourceTitle "EXT 2022"]
[Source "ChessBase"]
[SourceDate "2021.10.06"]
[SourceVersion "1"]
[SourceVersionDate "2021.10.06"]
[SourceQuality "1"]

1. e4 c5 2. Bc4 e6 3. Nc3 Nc6 4. Nf3 d6 5. h3 Nf6 6. d3 a6 7. a4 Be7 8. 0-0 b6 9. Re1 Bb7 10. Bd2 0-0 11. Be3 Nd7 12. Qd2 Nde5 13. Qe2 Nxc4 14. dxc4 Bf6 15. Qd2 Na5 16. Qd3 Qc7 17. Bf4 Rad8 18. Rad1 Be7 19. Ng5 h6 20. Nf3 Nc6 21. Re2 Ne5 22. Bxe5 dxe5 23. Qe3 Rxd1+ 24. Nxd1 Rd8 25. Nc3 Bf6 26. b3 Rd7 27. Rd2 Qd8 28. Rxd7 Qxd7 29. Qd2 Qxd2 30. Nxd2 Bg5 31. Nf3 Bc1 32. Ne2 Bb2 33. Ng3 f6 34. Ne1 Bd4 35. Kf1 Bc6 36. Nd3 g6 37. f3 f5 38. Nf2 Kf7 39. Nd1 f4 40. Ne2 Ba1 41. c3 b5 42. cxb5 axb5 43. axb5 Bxb5 44. Ke1 h5 45. g4 Kf6 46. gxh5 gxh5 47. h4 Bd3 48. Kd2 c4 49. b4 Ke7 50. Ng1 Kd6 51. Nh3 Bf1 52. Ng5 Bd3 53. Nf7+ Ke7 54. Nxe5 1-0

[Event "Guernsey Holiday op 33rd"]
[Site "Guernsey"]
[Date "2007.10.23"]
[Round "3"]
[White "Brooker, Chris H"]
[Black "Carlucci, Frank"]
[Result "1-0"]
[WhiteElo "1670"]
[BlackElo "1552"]
[PlyCount "163"]
[EventDate "2007.10.21"]
[EventType "swiss"]
[EventRounds "7"]
[EventCountry "GCI"]
[SourceTitle "EXT 2022"]
[Source "ChessBase"]
[SourceDate "2021.10.06"]
[SourceVersion "1"]
[SourceVersionDate "2021.10.06"]
[SourceQuality "1"]

1. f4 d5 2. e3 Nf6 3. Nf3 Bg4 4. b3 e6 5. Bb2 Be7 6. Be2 Nbd7 7. 0-0 c5 8. d3 b5 9. h3 Bxf3 10. Bxf3 Rc8 11. g4 0-0 12. Nd2 Ne8 13. e4 d4 14. Bg2 e5 15. fxe5 Nxe5 16. Nf3 Ng6 17. Bc1 Nc7 18. Qe1 Ne6 19. e5 Nef4 20. Qe4 Nxg2 21. Kxg2 Nh4+ 22. Nxh4 Bxh4 23. Bf4 a5 24. Bg3 Bg5 25. Rf5 g6 26. Rff1 c4 27. e6 f5 28. e7 Bxe7 29. gxf5 cxd3 30. Qe6+ Kg7 31. Be5+ Bf6 32. cxd3 Rc2+ 33. Kg1 Bxe5 34. Qxe5+ Qf6 35. Qg3 g5 36. Rae1 Rc6 37. Qe5 Qxe5 38. Rxe5 Rc3 39. Rf3 a4 40. Rxb5 axb3 41. axb3 h5 42. Kg2 g4 43. hxg4 hxg4 44. Rg3 Kh6 45. Rxg4 Rxd3 46. Rg6+ Kh5 47. Rg7 Kh6 48. Rg3 Rd2+ 49. Kh3 d3 50. Rd5 Rb2 51. Rd6+ Kh7 52. Rd4 Rf6 53. Rd7+ Kh8 54. Rdxd3 Rxf5 55. Rd4 Rh5+ 56. Rh4 Rxh4+ 57. Kxh4 Rh2+ 58. Kg4 Kg7 59. Kf4+ Kf7 60. Ke4 Ke7 61. Kd4 Rc2 62. Rc3 Rd2+ 63. Kc5 Kd7 64. Kb5 Rd5+ 65. Rc5 Rd3 66. b4 Rd1 67. Kb6 Rb1 68. b5 Ra1 69. Kb7 Ra5 70. Kb6 Ra8 71. Rc7+ Kd6 72. Kb7 Ra1 73. b6 Ra2 74. Kb8 Rb2 75. b7 Ra2 76. Rc4 Kd7 77. Rd4+ Ke7 78. Kc7 Rc2+ 79. Kb6 Rb2+ 80. Ka6 Ra2+ 81. Kb5 Rb2+ 82. Rb4 1-0

[Event "Guernsey Holiday op 33rd"]
[Site "Guernsey"]
[Date "2007.10.22"]
[Round "2"]
[White "Carlucci, Frank"]
[Black "Gibson, John F"]
[Result "1-0"]
[WhiteElo "1552"]
[BlackElo "1759"]
[PlyCount "103"]
[EventDate "2007.10.21"]
[EventType "swiss"]
[EventRounds "7"]
[EventCountry "GCI"]
[SourceTitle "EXT 2022"]
[Source "ChessBase"]
[SourceDate "2021.10.06"]
[SourceVersion "1"]
[SourceVersionDate "2021.10.06"]
[SourceQuality "1"]

1. e4 d6 2. d4 g6 3. Nf3 Nd7 4. Bc4 e6 5. 0-0 Ne7 6. Bg5 h6 7. Bh4 g5 8. Bg3 a6 9. a4 b6 10. Re1 Bb7 11. b4 Bg7 12. c3 Nf6 13. Nbd2 Nh5 14. Nf1 0-0 15. h3 d5 16. exd5 Nxd5 17. Rc1 b5 18. axb5 axb5 19. Bxb5 Ra3 20. Qd2 Ndf4 21. Ne3 Qa8 22. Be2 Nxe2+ 23. Qxe2 Nf4 24. Bxf4 gxf4 25. Ng4 Ra2 26. Qd3 Qa3 27. Rc2 Ra1 28. Rxa1 Qxa1+ 29. Kh2 Ra8 30. Qd2 Qb1 31. Rc1 Qe4 32. Re1 Qd5 33. Qxf4 Ra2 34. Kg1 Qc6 35. Rc1 Re2 36. Nxh6+ Kh7 37. Nxf7 Qe8 38. N3g5+ Kg8 39. Qxc7 Qb5 40. Qd8+ Bf8 41. Qf6 Bg7 42. Qg6 Qe8 43. Nh6+ Kf8 44. Qxe8+ Kxe8 45. Ng4 e5 46. Nxe5 Bxe5 47. dxe5 Rxe5 48. Nf3 Bxf3 49. gxf3 Kd7 50. c4 Kc6 51. Kh2 Re2 52. Kg2 1-0